Renewable energy and environment (Record no. 1007393)

MARC details
000 -LEADER
fixed length control field 00760nam a2200253Ia 4500
003 - CONTROL NUMBER IDENTIFIER
control field OSt
005 - DATE AND TIME OF LATEST TRANSACTION
control field 20221005101806.0
008 - FIXED-LENGTH DATA ELEMENTS--GENERAL INFORMATION
fixed length control field 221004b |||||||| |||| 00| 0 eng d
037 ## - SOURCE OF ACQUISITION
Terms of availability Textual
040 ## - CATALOGING SOURCE
Original cataloging agency CRL
Transcribing agency CRL
Language of cataloging eng
041 ## - LANGUAGE CODE
Source of code eng
Language code of text/sound track or separate title eng
100 ## - MAIN ENTRY--PERSONAL NAME
Personal name Mathur A N Eds
9 (RLIN) 622622
245 #0 - TITLE STATEMENT
Title Renewable energy and environment
Remainder of title Proceedings of national solar energy convention 1989. Udaipur Rajasthan December 1-3, 1989
260 ## - PUBLICATION, DISTRIBUTION, ETC.
Place of publication, distribution, etc. Udaipur
Name of publisher, distributor, etc. Himanshu
Date of publication, distribution, etc. 1990
300 ## - PHYSICAL DESCRIPTION
Extent 522p
Dimensions cm.
650 ## - SUBJECT ADDED ENTRY--TOPICAL TERM
Topical term or geographic name entry element TECHNOLOGY
700 ## - ADDED ENTRY--PERSONAL NAME
Personal name Rathore N S
9 (RLIN) 268952
942 ## - ADDED ENTRY ELEMENTS (KOHA)
Classification part F553p, M9
Koha item type Textual
Source of classification or shelving scheme
Holdings
Withdrawn status Lost status Damaged status Not for loan Home library Current library Date acquired Total Checkouts Full call number Barcode Date last seen Price effective from Koha item type
        Central Library Central Library 2022-10-05   F553p M9 CL1038827 2022-10-05 2022-10-05 Textual
Copyright @ Delhi University Library System